[Event "Storsjodraget 2022"]
[Site "Ostersund"]
[Date "2022.06.12"]
[Round "6"]
[Board "6"]
[White "Kashwan, Hassan"]
[Black "Nygren, David"]
[Result "1/2-1/2"]
[WhiteElo "1903"]
[BlackElo "2182"]
[PlyCount "0"]
[EventDate "2022.06.10"]
[EventRounds "7"]
[EventCountry "SWE"]

1. d4 {[%clk 01:28:59]} {[%emt 00:01:59]} Nf6 {[%clk 01:30:49]} {[%emt
00:00:12]} 2. Nf3 {[%clk 01:28:30]} {[%emt 00:00:58]} e6 {[%clk 01:30:20]}
{[%emt 00:00:59]} 3. Bf4 {[%clk 01:28:05]} {[%emt 00:00:55]} c5 {[%clk
01:29:38]} {[%emt 00:01:13]} 4. e3 {[%clk 01:24:49]} {[%emt 00:03:46]} cxd4
{[%clk 01:26:35]} {[%emt 00:03:34]} 5. exd4 {[%clk 01:22:06]} {[%emt 00:03:12]}
Nd5 {[%clk 01:25:22]} {[%emt 00:01:43]} 6. Bd2 {[%clk 01:19:00]} {[%emt
00:03:36]} Qb6 {[%clk 01:24:44]} {[%emt 00:01:08]} 7. Nc3 {[%clk 01:18:49]}
{[%emt 00:00:41]} Nxc3 {[%clk 01:24:31]} {[%emt 00:00:43]} 8. bxc3 {[%clk
01:18:20]} {[%emt 00:00:59]} Be7 {[%clk 01:23:06]} {[%emt 00:01:55]} 9. Bd3
{[%clk 01:18:09]} {[%emt 00:00:41]} d6 {[%clk 01:23:01]} {[%emt 00:00:34]} 10.
O-O {[%clk 01:18:30]} {[%emt 00:00:09]} Nd7 {[%clk 01:22:09]} {[%emt 00:01:23]}
11. Qe2 {[%clk 01:18:20]} {[%emt 00:00:40]} Nf6 {[%clk 01:21:49]} {[%emt
00:00:50]} 12. Rab1 {[%clk 01:10:59]} {[%emt 00:07:52]} Qc7 {[%clk 01:20:17]}
{[%emt 00:02:01]} 13. Rb3 {[%clk 01:04:30]} {[%emt 00:07:00]} O-O {[%clk
01:16:06]} {[%emt 00:04:41]} 14. Re1 {[%clk 01:01:51]} {[%emt 00:03:07]} Bd7
{[%clk 01:10:44]} {[%emt 00:05:53]} 15. c4 {[%clk 00:53:35]} {[%emt 00:08:46]}
Rfe8 {[%clk 01:07:51]} {[%emt 00:03:22]} 16. Ng5 {[%clk 00:49:09]} {[%emt
00:04:55]} Bd8 {[%clk 00:58:26]} {[%emt 00:09:56]} 17. Qf3 {[%clk 00:47:11]}
{[%emt 00:02:28]} Bc6 {[%clk 00:56:26]} {[%emt 00:02:31]} 18. Qh3 {[%clk
00:44:51]} {[%emt 00:02:49]} h6 {[%clk 00:49:23]} {[%emt 00:07:34]} 19. Nf3
{[%clk 00:40:09]} {[%emt 00:05:11]} e5 {[%clk 00:45:09]} {[%emt 00:04:46]} 20.
Bf5 {[%clk 00:26:46]} {[%emt 00:13:52]} exd4 {[%clk 00:37:08]} {[%emt
00:08:31]} 21. Rxe8+ {[%clk 00:26:48]} {[%emt 00:00:29]} Bxe8 {[%clk 00:36:06]}
{[%emt 00:01:30]} 22. Bd3 {[%clk 00:17:16]} {[%emt 00:10:02]} Bd7 {[%clk
00:30:42]} {[%emt 00:05:54]} 23. Qh4 {[%clk 00:15:17]} {[%emt 00:02:29]} Ng4
{[%clk 00:28:35]} {[%emt 00:02:36]} 24. Qg3 {[%clk 00:15:20]} {[%emt 00:00:29]}
Bf6 {[%clk 00:27:21]} {[%emt 00:01:44]} 25. Bf4 {[%clk 00:13:22]} {[%emt
00:02:27]} Be5 {[%clk 00:26:05]} {[%emt 00:01:47]} 26. h3 {[%clk 00:13:32]}
{[%emt 00:00:20]} Bxf4 {[%clk 00:25:24]} {[%emt 00:01:10]} 27. Qxf4 {[%clk
00:13:55]} {[%emt 00:00:08]} Nf6 {[%clk 00:23:19]} {[%emt 00:02:34]} 28. Qxd4
{[%clk 00:13:12]} {[%emt 00:01:13]} Bc6 {[%clk 00:20:47]} {[%emt 00:03:03]} 29.
Nh4 {[%clk 00:13:11]} {[%emt 00:00:31]} Re8 {[%clk 00:15:49]} {[%emt 00:05:28]}
30. Rb1 {[%clk 00:13:10]} {[%emt 00:00:31]} Qa5 {[%clk 00:13:59]} {[%emt
00:02:20]} 31. Nf3 {[%clk 00:11:15]} {[%emt 00:02:24]} Bxf3 {[%clk 00:11:24]}
{[%emt 00:03:05]} 32. gxf3 {[%clk 00:11:44]} {[%emt 00:00:01]} Re1+ {[%clk
00:10:37]} {[%emt 00:01:17]} 33. Rxe1 {[%clk 00:12:13]} {[%emt 00:00:01]} Qxe1+
{[%clk 00:11:02]} {[%emt 00:00:06]} 34. Kg2 {[%clk 00:12:09]} {[%emt 00:00:34]}
Qe5 {[%clk 00:07:32]} {[%emt 00:03:59]} 35. Qxa7 {[%clk 00:12:18]} {[%emt
00:00:22]} Qg5+ {[%clk 00:06:40]} {[%emt 00:01:22]} 36. Kf1 {[%clk 00:12:30]}
{[%emt 00:00:17]} Qc1+ {[%clk 00:06:11]} {[%emt 00:00:59]} 37. Ke2 {[%clk
00:12:37]} {[%emt 00:00:24]} g6 {[%clk 00:06:23]} {[%emt 00:00:18]} 38. Qe3
{[%clk 00:11:23]} {[%emt 00:01:44]} Qb2 {[%clk 00:05:03]} {[%emt 00:01:50]} 39.
Qxh6 {[%clk 00:11:21]} {[%emt 00:00:31]} Nh5 {[%clk 00:04:59]} {[%emt
00:00:34]} 40. Qe3 {[%clk 00:07:10]} {[%emt 00:04:41]} Qxa2 {[%clk 00:04:31]}
{[%emt 00:00:58]} 41. f4 {[%clk 00:07:13]} {[%emt 00:00:27]} Qb2 {[%clk
00:03:36]} {[%emt 00:01:26]} 42. f5 {[%clk 00:07:04]} {[%emt 00:00:39]} Qf6
{[%clk 00:03:05]} {[%emt 00:01:00]} 43. fxg6 {[%clk 00:07:04]} {[%emt
00:00:30]} Nf4+ {[%clk 00:03:18]} {[%emt 00:00:17]} 44. Kd2 {[%clk 00:07:01]}
{[%emt 00:00:33]} fxg6 {[%clk 00:02:58]} {[%emt 00:00:51]} 45. Qe8+ {[%clk
00:03:57]} {[%emt 00:03:34]} Kg7 {[%clk 00:03:19]} {[%emt 00:00:08]} 46. Qd7+
{[%clk 00:04:23]} {[%emt 00:00:05]} Kh6 {[%clk 00:03:25]} {[%emt 00:00:24]} 47.
Qg4 {[%clk 00:03:49]} {[%emt 00:00:59]} Nxd3 {[%clk 00:02:43]} {[%emt
00:01:17]} 48. cxd3 {[%clk 00:03:52]} {[%emt 00:00:26]} Qxf2+ {[%clk 00:02:54]}
{[%emt 00:00:19]} 49. Qe2 {[%clk 00:04:18]} {[%emt 00:00:05]} Qf6 {[%clk
00:01:21]} {[%emt 00:02:00]} 50. Qe3+ {[%clk 00:04:44]} {[%emt 00:00:07]} Kh7
{[%clk 00:01:18]} {[%emt 00:00:33]} 51. d4 {[%clk 00:04:51]} {[%emt 00:00:23]}
Qf7 {[%clk 00:01:23]} {[%emt 00:00:24]} 52. Kc3 {[%clk 00:05:05]} {[%emt
00:00:17]} Qc7 {[%clk 00:01:40]} {[%emt 00:00:12]} 53. Kd2 {[%clk 00:05:05]}
{[%emt 00:00:30]} Qa5+ {[%clk 00:01:13]} {[%emt 00:00:58]} 54. Qc3 {[%clk
00:03:07]} {[%emt 00:02:28]} Qa2+ {[%clk 00:01:16]} {[%emt 00:00:27]} 55. Qc2
{[%clk 00:03:29]} {[%emt 00:00:08]} Qa3 {[%clk 00:01:27]} {[%emt 00:00:18]} 56.
Qc3 {[%clk 00:02:01]} {[%emt 00:01:59]} Qa6 {[%clk 00:01:28]} {[%emt 00:00:28]}
57. Qb3 {[%clk 00:02:14]} {[%emt 00:00:16]} Qc6 {[%clk 00:01:38]} {[%emt
00:00:20]} 58. d5 {[%clk 00:02:36]} {[%emt 00:00:10]} Qd7 {[%clk 00:01:39]}
{[%emt 00:00:26]} 59. Kc2 {[%clk 00:02:32]} {[%emt 00:00:36]} Qe7 {[%clk
00:01:42]} {[%emt 00:00:26]} 60. Kb2 {[%clk 00:02:51]} {[%emt 00:00:13]} Kh6
{[%clk 00:01:11]} {[%emt 00:01:01]} 61. Ka3 {[%clk 00:03:11]} {[%emt 00:00:10]}
Qd7 {[%clk 00:00:56]} {[%emt 00:00:42]} 62. Qe3+ {[%clk 00:03:37]} {[%emt
00:00:07]} Kh7 {[%clk 00:00:54]} {[%emt 00:00:31]} 63. Kb4 {[%clk 00:03:41]}
{[%emt 00:00:26]} Qg7 {[%clk 00:01:05]} {[%emt 00:00:20]} 64. Qc3 {[%clk
00:03:25]} {[%emt 00:00:45]} Qd7 {[%clk 00:01:17]} {[%emt 00:00:18]} 65. Qg3
{[%clk 00:02:25]} {[%emt 00:01:30]} Qc7 {[%clk 00:01:25]} {[%emt 00:00:22]} 66.
Qh4+ {[%clk 00:02:39]} {[%emt 00:00:16]} Kg7 {[%clk 00:01:22]} {[%emt
00:00:33]} 67. Qd4+ {[%clk 00:03:08]} {[%emt 00:00:02]} Kh7 {[%clk 00:01:28]}
{[%emt 00:00:22]} 68. Kb5 {[%clk 00:03:11]} {[%emt 00:00:28]} Qd7+ {[%clk
00:01:39]} {[%emt 00:00:20]} 69. Kb6 {[%clk 00:03:01]} {[%emt 00:00:37]} Qxh3
{[%clk 00:01:23]} {[%emt 00:00:49]} 70. Kxb7 {[%clk 00:03:06]} {[%emt
00:00:25]} Qd7+ {[%clk 00:01:48]} {[%emt 00:00:04]} 71. Kb6 {[%clk 00:02:53]}
{[%emt 00:00:39]} g5 {[%clk 00:01:31]} {[%emt 00:00:52]} 72. Qe4+ {[%clk
00:03:16]} {[%emt 00:00:07]} Kg7 {[%clk 00:01:18]} {[%emt 00:00:42]} 73. Qd4+
{[%clk 00:02:25]} {[%emt 00:01:21]} Kf7 {[%clk 00:01:20]} {[%emt 00:00:28]}
1/2-1/2

[Event "Storsjodraget 2022"]
[Site "Ostersund"]
[Date "2022.06.12"]
[Round "7"]
[Board "10"]
[White "Malmdin, Nils-Ake"]
[Black "Backsten, Jan"]
[Result "1/2-1/2"]
[WhiteElo "2149"]
[BlackElo "2016"]
[PlyCount "0"]
[EventDate "2022.06.10"]
[EventRounds "7"]
[EventCountry "SWE"]

1. e4 {[%clk 01:30:37]} {[%emt 00:00:22]} c5 {[%clk 01:30:55]} {[%emt
00:00:05]} 2. Nc3 {[%clk 01:30:20]} {[%emt 00:00:47]} Nc6 {[%clk 01:31:14]}
{[%emt 00:00:12]} 3. f4 {[%clk 01:30:39]} {[%emt 00:00:09]} g6 {[%clk
01:31:32]} {[%emt 00:00:14]} 4. Nf3 {[%clk 01:30:51]} {[%emt 00:00:17]} Bg7
{[%clk 01:31:55]} {[%emt 00:00:07]} 5. Bb5 {[%clk 01:30:55]} {[%emt 00:00:25]}
Nd4 {[%clk 01:31:59]} {[%emt 00:00:27]} 6. a4 {[%clk 01:30:17]} {[%emt
00:01:08]} a6 {[%clk 01:27:23]} {[%emt 00:05:07]} 7. Bc4 {[%clk 01:30:30]}
{[%emt 00:00:16]} e6 {[%clk 01:26:17]} {[%emt 00:01:37]} 8. O-O {[%clk
01:24:59]} {[%emt 00:06:00]} Ne7 {[%clk 01:25:23]} {[%emt 00:01:25]} 9. d3
{[%clk 01:20:31]} {[%emt 00:04:56]} d5 {[%clk 01:21:59]} {[%emt 00:03:55]} 10.
Ba2 {[%clk 01:20:44]} {[%emt 00:00:16]} O-O {[%clk 01:21:49]} {[%emt 00:00:42]}
11. Kh1 {[%clk 01:14:45]} {[%emt 00:06:28]} dxe4 {[%clk 01:19:26]} {[%emt
00:02:54]} 12. dxe4 {[%clk 01:14:51]} {[%emt 00:00:23]} Nec6 {[%clk 01:16:55]}
{[%emt 00:03:00]} 13. Nxd4 {[%clk 01:10:51]} {[%emt 00:04:30]} Nxd4 {[%clk
01:16:50]} {[%emt 00:00:36]} 14. e5 {[%clk 01:09:32]} {[%emt 00:01:48]} Bd7
{[%clk 01:12:48]} {[%emt 00:04:32]} 15. Be3 {[%clk 00:55:18]} {[%emt 00:14:44]}
Bc6 {[%clk 01:12:00]} {[%emt 00:01:19]} 16. Qd2 {[%clk 00:48:57]} {[%emt
00:06:51]} Nf5 {[%clk 00:59:56]} {[%emt 00:12:34]} 17. Qf2 {[%clk 00:44:43]}
{[%emt 00:04:43]} Nxe3 {[%clk 00:55:09]} {[%emt 00:05:17]} 18. Qxe3 {[%clk
00:45:12]} {[%emt 00:00:02]} Qd4 {[%clk 00:54:47]} {[%emt 00:00:52]} 19. Qe2
{[%clk 00:44:53]} {[%emt 00:00:48]} Rfd8 {[%clk 00:53:02]} {[%emt 00:02:15]} 20.
Bc4 {[%clk 00:27:15]} {[%emt 00:18:08]} Qd2 {[%clk 00:39:42]} {[%emt 00:13:49]}
21. a5 {[%clk 00:21:51]} {[%emt 00:05:56]} Qxe2 {[%clk 00:34:50]} {[%emt
00:05:22]} 22. Bxe2 {[%clk 00:19:43]} {[%emt 00:02:36]} Rd2 {[%clk 00:29:34]}
{[%emt 00:05:46]} 23. Rac1 {[%clk 00:20:04]} {[%emt 00:00:10]} Bf8 {[%clk
00:27:43]} {[%emt 00:02:21]} 24. Bf3 {[%clk 00:19:23]} {[%emt 00:01:12]} Bxf3
{[%clk 00:26:38]} {[%emt 00:01:36]} 25. Rxf3 {[%clk 00:19:51]} {[%emt
00:00:01]} Rad8 {[%clk 00:26:15]} {[%emt 00:00:52]} 26. g3 {[%clk 00:15:46]}
{[%emt 00:04:34]} R8d4 {[%clk 00:22:55]} {[%emt 00:03:48]} 27. Re3 {[%clk
00:15:36]} {[%emt 00:00:43]} c4 {[%clk 00:21:51]} {[%emt 00:01:34]} 28. Ne4
{[%clk 00:13:36]} {[%emt 00:02:30]} Rd1+ {[%clk 00:21:39]} {[%emt 00:00:42]} 29.
Rxd1 {[%clk 00:14:05]} {[%emt 00:00:03]} Rxd1+ {[%clk 00:22:01]} {[%emt
00:00:08]} 30. Kg2 {[%clk 00:14:13]} {[%emt 00:00:21]} Bb4 {[%clk 00:20:00]}
{[%emt 00:02:30]} 31. b3 {[%clk 00:11:01]} {[%emt 00:03:43]} c3 {[%clk
00:16:32]} {[%emt 00:03:57]} 32. Kf3 {[%clk 00:09:01]} {[%emt 00:02:32]} Bxa5
{[%clk 00:15:24]} {[%emt 00:01:38]} 33. h4 {[%clk 00:08:30]} {[%emt 00:00:59]}
Bb4 {[%clk 00:13:17]} {[%emt 00:02:38]} 34. Ke2 {[%clk 00:08:25]} {[%emt
00:00:36]} Rc1 {[%clk 00:11:35]} {[%emt 00:02:10]} 35. Kd3 {[%clk 00:08:44]}
{[%emt 00:00:11]} Rd1+ {[%clk 00:08:39]} {[%emt 00:03:26]} 36. Kc4 {[%clk
00:07:59]} {[%emt 00:01:16]} Ba5 {[%clk 00:08:14]} {[%emt 00:00:54]} 37. b4
{[%clk 00:07:55]} {[%emt 00:00:36]} Bb6 {[%clk 00:08:18]} {[%emt 00:00:24]} 38.
Rd3 {[%clk 00:08:23]} {[%emt 00:00:03]} Rxd3 {[%clk 00:06:21]} {[%emt
00:02:27]} 39. Kxd3 {[%clk 00:08:51]} {[%emt 00:00:02]} Kf8 {[%clk 00:05:21]}
{[%emt 00:01:29]} 40. Kxc3 {[%clk 00:09:10]} {[%emt 00:00:12]} h5 {[%clk
00:05:13]} {[%emt 00:00:37]} 41. Kc4 {[%clk 00:09:25]} {[%emt 00:00:16]} Ke7
{[%clk 00:05:16]} {[%emt 00:00:27]} 42. Kd3 {[%clk 00:08:36]} {[%emt 00:01:19]}
Bg1 {[%clk 00:05:11]} {[%emt 00:00:34]} 43. c4 {[%clk 00:07:53]} {[%emt
00:01:14]} b6 {[%clk 00:05:24]} {[%emt 00:00:17]} 44. b5 {[%clk 00:05:57]}
{[%emt 00:02:25]} axb5 {[%clk 00:05:04]} {[%emt 00:00:51]} 45. cxb5 {[%clk
00:06:25]} {[%emt 00:00:02]} Kd7 {[%clk 00:05:00]} {[%emt 00:00:32]} 46. Ke2
{[%clk 00:06:48]} {[%emt 00:00:09]} Ke7 {[%clk 00:05:07]} {[%emt 00:00:22]} 47.
Kf3 {[%clk 00:07:09]} {[%emt 00:00:09]} Bd4 {[%clk 00:05:13]} {[%emt 00:00:23]}
48. g4 {[%clk 00:07:16]} {[%emt 00:00:24]} hxg4+ {[%clk 00:05:25]} {[%emt
00:00:18]} 49. Kxg4 {[%clk 00:07:44]} {[%emt 00:00:02]} Be3 {[%clk 00:05:03]}
{[%emt 00:00:51]} 50. Nf6 {[%clk 00:06:54]} {[%emt 00:01:22]} Bc1 {[%clk
00:05:11]} {[%emt 00:00:21]} 51. h5 {[%clk 00:07:04]} {[%emt 00:00:20]} gxh5+
{[%clk 00:05:33]} {[%emt 00:00:08]} 52. Nxh5 {[%clk 00:07:25]} {[%emt
00:00:10]} Bd2 {[%clk 00:05:48]} {[%emt 00:00:15]} 53. Kg5 {[%clk 00:05:36]}
{[%emt 00:02:18]} Be3 {[%clk 00:05:45]} {[%emt 00:00:34]} 54. Kg4 {[%clk
00:04:25]} {[%emt 00:01:40]} Bd2 {[%clk 00:05:59]} {[%emt 00:00:16]} 55. Kf3
{[%clk 00:04:48]} {[%emt 00:00:07]} Be1 {[%clk 00:05:47]} {[%emt 00:00:43]} 56.
Ke4 {[%clk 00:05:03]} {[%emt 00:00:14]} Bh4 {[%clk 00:05:23]} {[%emt 00:00:53]}
57. f5 {[%clk 00:04:49]} {[%emt 00:00:46]} exf5+ {[%clk 00:05:33]} {[%emt
00:00:21]} 58. Kxf5 {[%clk 00:05:17]} {[%emt 00:00:02]} Be1 {[%clk 00:05:41]}
{[%emt 00:00:20]} 59. Nf4 {[%clk 00:05:36]} {[%emt 00:00:11]} Bf2 {[%clk
00:05:14]} {[%emt 00:00:58]} 60. Nd5+ {[%clk 00:05:51]} {[%emt 00:00:15]} Kf8
{[%clk 00:04:56]} {[%emt 00:00:49]} 61. e6 {[%clk 00:05:26]} {[%emt 00:00:54]}
Bc5 {[%clk 00:03:20]} {[%emt 00:02:05]} 62. Ke5 {[%clk 00:05:12]} {[%emt
00:00:44]} fxe6 {[%clk 00:03:19]} {[%emt 00:00:32]} 63. Kxe6 {[%clk 00:05:40]}
{[%emt 00:00:02]} Ke8 {[%clk 00:03:38]} {[%emt 00:00:12]} 64. Nf6+ {[%clk
00:04:10]} {[%emt 00:01:59]} Kd8 {[%clk 00:03:58]} {[%emt 00:00:11]} 65. Nd7
{[%clk 00:04:31]} {[%emt 00:00:06]} Kc7 {[%clk 00:01:54]} {[%emt 00:02:36]} 66.
Nxc5 {[%clk 00:04:40]} {[%emt 00:00:21]} bxc5 {[%clk 00:02:19]} {[%emt
00:00:05]} 67. Kd5 {[%clk 00:04:51]} {[%emt 00:00:18]} Kb6 {[%clk 00:02:28]}
{[%emt 00:00:22]} 68. Kc4 {[%clk 00:05:14]} {[%emt 00:00:07]} Kb7 {[%clk
00:02:39]} {[%emt 00:00:19]} 69. Kxc5 {[%clk 00:05:37]} {[%emt 00:00:07]} Kc7
{[%clk 00:02:48]} {[%emt 00:00:21]} 70. b6+ {[%clk 00:05:59]} {[%emt 00:00:07]}
Kb8 {[%clk 00:02:50]} {[%emt 00:00:29]} 71. Kc6 {[%clk 00:06:19]} {[%emt
00:00:10]} Kc8 {[%clk 00:02:44]} {[%emt 00:00:36]} 72. b7+ {[%clk 00:06:40]}
{[%emt 00:00:09]} Kb8 {[%clk 00:03:03]} {[%emt 00:00:11]} 73. Kb6 {[%clk
00:07:03]} {[%emt 00:00:06]}  1/2-1/2

[Event "Storsjodraget 2022"]
[Site "Ostersund"]
[Date "2022.06.12"]
[Round "6"]
[Board "7"]
[White "Salholm, Soren"]
[Black "Malmdin, Nils-Ake"]
[Result "1/2-1/2"]
[WhiteElo "1896"]
[BlackElo "2149"]
[PlyCount "0"]
[EventDate "2022.06.10"]
[EventRounds "7"]
[EventCountry "SWE"]

1. e4 {[%clk 01:30:27]} {[%emt 00:00:32]} g6 {[%clk 01:30:41]} {[%emt
00:00:19]} 2. d4 {[%clk 01:29:43]} {[%emt 00:01:15]} Bg7 {[%clk 01:30:57]}
{[%emt 00:00:12]} 3. Nf3 {[%clk 01:28:24]} {[%emt 00:01:50]} c5 {[%clk
01:30:37]} {[%emt 00:00:49]} 4. c3 {[%clk 01:26:19]} {[%emt 00:02:34]} cxd4
{[%clk 01:24:24]} {[%emt 00:06:47]} 5. cxd4 {[%clk 01:26:10]} {[%emt 00:00:37]}
d5 {[%clk 01:24:46]} {[%emt 00:00:08]} 6. Bb5+ {[%clk 01:24:31]} {[%emt
00:02:10]} Bd7 {[%clk 01:24:55]} {[%emt 00:00:18]} 7. Bxd7+ {[%clk 01:24:19]}
{[%emt 00:00:44]} Qxd7 {[%clk 01:25:03]} {[%emt 00:00:22]} 8. e5 {[%clk
01:19:23]} {[%emt 00:05:28]} Nh6 {[%clk 01:22:26]} {[%emt 00:03:05]} 9. Bxh6
{[%clk 01:18:57]} {[%emt 00:00:57]} Bxh6 {[%clk 01:22:44]} {[%emt 00:00:11]} 10.
Nc3 {[%clk 01:17:57]} {[%emt 00:01:31]} O-O {[%clk 01:22:53]} {[%emt 00:00:20]}
11. O-O {[%clk 01:13:40]} {[%emt 00:04:47]} Nc6 {[%clk 01:15:13]} {[%emt
00:08:10]} 12. Re1 {[%clk 01:04:11]} {[%emt 00:09:59]} Rad8 {[%clk 01:04:13]}
{[%emt 00:11:29]} 13. Qe2 {[%clk 00:58:42]} {[%emt 00:05:59]} Qe6 {[%clk
00:44:14]} {[%emt 00:20:28]} 14. Rad1 {[%clk 00:52:55]} {[%emt 00:06:18]} b6
{[%clk 00:41:27]} {[%emt 00:03:18]} 15. h3 {[%clk 00:40:59]} {[%emt 00:12:26]}
Na5 {[%clk 00:40:14]} {[%emt 00:01:42]} 16. Nh2 {[%clk 00:36:03]} {[%emt
00:05:26]} Nc4 {[%clk 00:38:19]} {[%emt 00:02:25]} 17. Ng4 {[%clk 00:33:54]}
{[%emt 00:02:39]} Bg5 {[%clk 00:34:03]} {[%emt 00:04:45]} 18. b3 {[%clk
00:30:19]} {[%emt 00:04:05]} Na5 {[%clk 00:34:25]} {[%emt 00:00:09]} 19. h4
{[%clk 00:20:02]} {[%emt 00:10:47]} Bxh4 {[%clk 00:29:00]} {[%emt 00:05:54]} 20.
g3 {[%clk 00:18:17]} {[%emt 00:02:16]} Bg5 {[%clk 00:29:18]} {[%emt 00:00:11]}
21. f4 {[%clk 00:17:32]} {[%emt 00:01:15]} h5 {[%clk 00:29:40]} {[%emt
00:00:09]} 22. Ne3 {[%clk 00:16:28]} {[%emt 00:01:34]} Bh6 {[%clk 00:29:57]}
{[%emt 00:00:13]} 23. Qf3 {[%clk 00:16:02]} {[%emt 00:00:56]} Rd7 {[%clk
00:23:24]} {[%emt 00:07:03]} 24. Kg2 {[%clk 00:14:32]} {[%emt 00:02:00]} Rfd8
{[%clk 00:13:59]} {[%emt 00:09:55]} 25. f5 {[%clk 00:13:21]} {[%emt 00:01:32]}
Qc6 {[%clk 00:14:29]} 26. e6 {[%clk 00:10:42]} {[%emt 00:03:19]} fxe6 {[%clk
00:14:32]} {[%emt 00:00:26]} 27. fxg6 {[%clk 00:09:43]} {[%emt 00:01:29]} Rf8
{[%clk 00:07:24]} {[%emt 00:07:38]} 28. Qxh5 {[%clk 00:09:17]} {[%emt
00:00:56]} Kg7 {[%clk 00:07:48]} {[%emt 00:00:07]} 29. Ng4 {[%clk 00:08:51]}
{[%emt 00:00:56]} Rh8 {[%clk 00:07:54]} {[%emt 00:00:23]} 30. Qe5+ {[%clk
00:06:43]} {[%emt 00:02:38]} Kg8 {[%clk 00:08:05]} {[%emt 00:00:19]} 31. Nxh6+
{[%clk 00:04:11]} {[%emt 00:03:02]} Rxh6 {[%clk 00:08:24]} {[%emt 00:00:12]} 32.
Qg5 {[%clk 00:03:32]} {[%emt 00:01:09]} Kg7 {[%clk 00:08:07]} {[%emt 00:00:46]}
33. Rh1 {[%clk 00:03:47]} {[%emt 00:00:16]} Rxg6 {[%clk 00:08:06]} {[%emt
00:00:30]} 34. Qh4 {[%clk 00:03:37]} {[%emt 00:00:38]} e5 {[%clk 00:05:05]}
{[%emt 00:03:34]} 35. Rdf1 {[%clk 00:02:00]} {[%emt 00:02:06]} Rf6 {[%clk
00:04:28]} {[%emt 00:01:07]} 36. Qg5+ {[%clk 00:01:11]} {[%emt 00:01:19]} Rg6
{[%clk 00:04:07]} {[%emt 00:00:51]} 37. Qxe5+ {[%clk 00:01:29]} {[%emt
00:00:13]} Rf6 {[%clk 00:04:35]} {[%emt 00:00:01]} 38. Rf3 {[%clk 00:01:07]}
{[%emt 00:00:52]} Qe6 {[%clk 00:04:04]} {[%emt 00:01:02]} 39. Qg5+ {[%clk
00:00:54]} {[%emt 00:00:43]} Rg6 {[%clk 00:04:32]} {[%emt 00:00:02]} 40. Qh5
{[%clk 00:01:14]} {[%emt 00:00:09]} Rh6 {[%clk 00:04:04]} {[%emt 00:00:59]} 41.
Qg5+ {[%clk 00:00:47]} {[%emt 00:00:57]} Rg6 {[%clk 00:04:32]} {[%emt
00:00:02]} 42. Qh5 {[%clk 00:00:59]} {[%emt 00:00:18]} Rh6 {[%clk 00:05:00]}
{[%emt 00:00:02]} 43. Qg5+ {[%emt 00:00:22]} Qd6 {[%emt 00:00:33]} 44. Qh5
{[%emt 00:00:02]} Qe6 {[%emt 00:00:02]} 45. Rf7+ Kg8 {[%emt 00:00:02]} 46. Qg5+
{[%emt 00:00:11]} Rg6 {[%emt 00:00:03]} 47. Qh5 {[%emt 00:00:25]} Rh6 {[%emt
00:00:05]} 48. Qg5+ {[%emt 00:00:12]} Rg6 {[%emt 00:00:02]} 49. Qf4 {[%emt
00:00:14]} Qxf7 {[%emt 00:00:37]} 50. Rh8+ {[%emt 00:00:03]} Qe6 {[%emt
00:00:13]} 51. Rh1 {[%emt 00:00:32]}  1/2-1/2

[Event "Storsjodraget 2022"]
[Site "Ostersund"]
[Date "2022.06.12"]
[Round "7"]
[Board "11"]
[White "Johansson, Alexander"]
[Black "Gillefalk, Bjorn"]
[Result "0-1"]
[WhiteElo "1582"]
[BlackElo "2061"]
[PlyCount "0"]
[EventDate "2022.06.10"]
[EventRounds "7"]
[EventCountry "SWE"]

1. d4 {[%clk 01:30:27]} {[%emt 00:00:06]} d5 {[%clk 01:30:30]} {[%emt
00:00:26]} 2. Nf3 {[%clk 01:30:27]} {[%emt 00:00:08]} e6 {[%clk 01:30:30]}
{[%emt 00:00:16]} 3. c4 {[%clk 01:30:27]} {[%emt 00:00:14]} Nf6 {[%clk
01:30:30]} {[%emt 00:00:16]} 4. g3 {[%clk 01:30:27]} {[%emt 00:00:09]} Bb4+
{[%clk 01:30:30]} {[%emt 00:00:27]} 5. Bd2 {[%clk 01:30:27]} {[%emt 00:00:11]}
Be7 {[%clk 01:30:30]} {[%emt 00:00:05]} 6. Bg2 {[%clk 01:30:27]} {[%emt
00:00:11]} O-O {[%clk 01:30:30]} {[%emt 00:00:17]} 7. O-O {[%clk 01:30:27]}
{[%emt 00:00:41]} c6 {[%clk 01:30:30]} {[%emt 00:00:07]} 8. Qc2 {[%clk
01:30:27]} {[%emt 00:00:21]} b6 {[%clk 01:30:30]} {[%emt 00:01:21]} 9. Bf4
{[%clk 01:30:27]} {[%emt 00:06:32]} Bb7 {[%clk 01:29:29]} {[%emt 00:05:16]} 10.
Nbd2 {[%clk 01:21:53]} {[%emt 00:05:39]} Nh5 {[%clk 01:22:02]} {[%emt
00:02:58]} 11. Ne5 {[%clk 01:16:58]} {[%emt 00:05:24]} f6 {[%clk 01:21:11]}
{[%emt 00:01:21]} 12. Nef3 {[%clk 01:15:57]} {[%emt 00:01:31]} Nxf4 {[%clk
01:19:36]} {[%emt 00:02:06]} 13. gxf4 {[%clk 01:16:16]} {[%emt 00:00:11]} f5
{[%clk 01:19:56]} {[%emt 00:00:10]} 14. Ne5 {[%clk 01:06:20]} {[%emt 00:10:25]}
Nd7 {[%clk 01:12:03]} {[%emt 00:08:23]} 15. cxd5 {[%clk 01:05:11]} {[%emt
00:01:39]} Nxe5 {[%clk 01:12:23]} {[%emt 00:00:11]} 16. dxe5 {[%clk 00:59:18]}
{[%emt 00:06:22]} exd5 {[%clk 01:03:36]} {[%emt 00:09:18]} 17. Nf3 {[%clk
00:51:46]} {[%emt 00:08:01]} Qd7 {[%clk 00:59:49]} {[%emt 00:04:18]} 18. e3
{[%clk 00:46:57]} {[%emt 00:05:18]} Kh8 {[%clk 00:56:10]} {[%emt 00:04:09]} 19.
Nd4 {[%clk 00:32:08]} {[%emt 00:15:19]} c5 {[%clk 00:48:57]} {[%emt 00:07:44]}
20. e6 {[%clk 00:26:04]} {[%emt 00:06:33]} Qe8 {[%clk 00:37:34]} {[%emt
00:11:53]} 21. Nxf5 {[%clk 00:24:58]} {[%emt 00:01:36]} Qg6 {[%clk 00:36:04]}
{[%emt 00:02:00]} 22. Qa4 {[%clk 00:21:10]} {[%emt 00:04:18]} Qxf5 {[%clk
00:30:45]} {[%emt 00:05:49]} 23. Qd7 {[%clk 00:20:43]} {[%emt 00:00:57]} Ba6
{[%clk 00:30:46]} {[%emt 00:00:29]} 24. Qxe7 {[%clk 00:17:00]} {[%emt
00:04:13]} Bxf1 {[%clk 00:31:09]} {[%emt 00:00:06]} 25. Kxf1 {[%clk 00:15:38]}
{[%emt 00:01:53]} Rae8 {[%clk 00:29:15]} {[%emt 00:02:24]} 26. Qxa7 {[%clk
00:13:13]} {[%emt 00:02:55]} Qd3+ {[%clk 00:28:04]} {[%emt 00:01:41]} 27. Ke1
{[%clk 00:13:16]} {[%emt 00:00:27]} Rxe6 {[%clk 00:27:55]} {[%emt 00:00:39]} 28.
Rd1 {[%clk 00:13:00]} {[%emt 00:00:45]} Rxe3+ {[%clk 00:28:18]} {[%emt
00:00:08]} 29. fxe3 {[%clk 00:13:15]} {[%emt 00:00:15]} Qxe3+ {[%clk 00:28:36]}
{[%emt 00:00:12]} 30. Kf1 {[%clk 00:13:08]} {[%emt 00:00:38]} Rxf4+ {[%clk
00:28:53]} {[%emt 00:00:13]} 31. Bf3 {[%clk 00:13:11]} {[%emt 00:00:27]} Qxf3+
{[%clk 00:28:40]} {[%emt 00:00:43]}  0-1